000 00209nam a2200085Ia 4500
008 120527s9999 xx 000 0 und d
100 _aWARR,Wendy.
245 _aDirectory of chemistry software 1992.
942 _cBK
999 _c24029
_d24029